| 000 | 00803nam a2200193 a 4500 | ||
|---|---|---|---|
| 008 | 060713s2005 ||||||||||||||||| || u | ||
| 050 | _aIBRD(08) | ||
| 100 | _aGonzalez, Joorge G | ||
| 245 | 1 | 0 | _aAntidumping and safeguard measures in the political economy of liberalization: the Mexican case |
| 260 |
_aWashington, D. C. _bWorld Bank _c2005 |
||
| 300 | _avi, 54p.: ill. | ||
| 350 | _a0.00 | ||
| 490 | _aWorld Bank policy research working papers | ||
| 650 | _aANTIDUMPING MEASURES--RESEARCH--MEXICO | ||
| 650 | 0 | _aECONOMICS | |
| 650 | _aSAFEGUARD MEASURES--RESEARCH--MEXICO | ||
| 700 | _aDe La Torre, Luz Elena Reyes | ||
| 995 |
_D0.00 _FCBU-MAIN LIBRARY (Kitwe) _H1 _I0.00 _M1 _UAVAILABLE _WJul 13, 2006 _ZInternational Publications |
||
| 999 |
_c34497 _d34497 |
||